|
|
|
|
| LEADER |
00000nam a2200000 a 4500 |
| 001 |
vtls001218161 |
| 003 |
SK-MaSNL |
| 005 |
20260426001346.0 |
| 008 |
160414s1996 xo a y 0 slo |
| 015 |
|
|
|a SNBE1996/0201011
|
| 020 |
|
|
|a 8090046266
|
| 035 |
|
|
|a SNK000161588
|
| 040 |
|
|
|a SNK
|b slo
|c SNK
|e AACR2
|
| 041 |
0 |
|
|a slo
|
| 044 |
|
|
|a xo
|c SK
|
| 080 |
|
|
|a 69:658.11+658.64:659(437.6)(058)(083.9)"1996"=20=854
|2 1981
|
| 080 |
|
|
|a 658.11
|2 1981
|
| 080 |
|
|
|a 658.64
|2 1981
|
| 080 |
|
|
|a 659
|2 1981
|
| 080 |
|
|
|a 339.16.012.23
|2 1981
|
| 080 |
|
|
|a 334.7
|2 1981
|
| 245 |
1 |
|
|a Stavebníctvo Slovenska '96
|b kompletný zoznam firiem z oblasti stavebníctva, súvisiacich činností a ich dodávateľov
|
| 260 |
|
|
|a Bratislava
|b ISMC
|c [1996]
|
| 300 |
|
|
|a 55 s.
|b fotogr., rekl.
|c 30 cm
|
| 500 |
|
|
|a Čiast. text angl.
|
| 650 |
0 |
7 |
|a stavebníctvo
|2 SNK
|9 726
|
| 651 |
|
7 |
|a Slovensko
|2 SNK
|9 14231
|
| 700 |
1 |
|
|a Gerhardt, Denis
|4 nob
|9 43887
|
| 710 |
2 |
|
|a ISMC-Information Systems and Marketing Contacts (Bratislava, Slovensko)
|4 aut
|9 32612
|
| 919 |
|
|
|a 80-900462-6-6
|
| 958 |
|
|
|a FAD
|
| 958 |
|
|
|a TL
|
| 999 |
|
|
|c 883049
|d 884979
|
| 952 |
|
|
|t P60, <09>, [BOOK], {629}
|a SNK
|b SNK
|y NEVYP
|7 0
|o snkB 630
|i snk2234/960709
|0 0
|1 0
|4 0
|d 1996-07-04
|l 0
|r 2005-01-01 00:00:00
|w 2026-02-24
|
| 952 |
|
|
|t P60, <03>, [BOOK], {603}
|a SNK
|b SNK
|y PREZ
|7 0
|p 17A0005717
|o snkOSB 10798
|i snkKSP 5339/96
|0 0
|1 0
|4 0
|d 1996-07-04
|l 0
|r 2005-01-01 00:00:00
|w 2026-02-24
|
| 952 |
|
|
|t P60, <04>, [BOOK], {604}
|a SNK
|b SNK
|y VYP
|7 0
|p 17A0005716
|o snkOSB 10798 D1
|i snkKSP 5340/96
|0 0
|1 0
|4 0
|d 1996-07-04
|l 0
|r 2005-01-01 00:00:00
|w 2026-02-24
|